[Event "New Zealand Championship 2023"]
[Site "Wellington"]
[Date "2023.01.08"]
[Round "7.5"]
[White "Ker, Anthony F"]
[Black "Tang, Hao"]
[Result "1-0"]
[WhiteElo "2425"]
[BlackElo "2133"]

1. e4 {[%clk 01:30:56] [%emt 00:00:03]} 1... c5 {[%clk 01:30:56] [%emt
00:00:04]} 2. Nc3 {[%clk 01:31:14] [%emt 00:00:12]} 2... d6 {[%clk 01:31:16]
[%emt 00:00:10]} 3. d4 {[%clk 01:31:35] [%emt 00:00:09]} 3... cxd4 {[%clk
01:31:16] [%emt 00:00:31]} 4. Qxd4 {[%clk 01:31:56] [%emt 00:00:08]} 4... a6
{[%clk 01:31:00] [%emt 00:00:45]} 5. b3 {[%clk 01:30:15] [%emt 00:02:11]} 5...
Nf6 {[%clk 01:28:01] [%emt 00:03:29]} 6. Bb2 {[%clk 01:30:06] [%emt 00:00:40]}
6... Nc6 {[%clk 01:27:35] [%emt 00:00:55]} 7. Qd2 {[%clk 01:30:27] [%emt
00:00:08]} 7... e6 {[%clk 01:25:30] [%emt 00:02:35]} 8. O-O-O {[%clk 01:30:30]
[%emt 00:00:27]} 8... Be7 {[%clk 01:25:26] [%emt 00:00:34]} 9. Kb1 {[%clk
01:30:32] [%emt 00:00:28]} 9... O-O {[%clk 01:25:17] [%emt 00:00:39]} 10. f3
{[%clk 01:30:22] [%emt 00:00:40]} 10... b5 {[%clk 01:24:16] [%emt 00:01:32]}
11. g4 {[%clk 01:28:18] [%emt 00:02:33]} 11... Nd7 {[%clk 01:23:13] [%emt
00:01:33]} 12. Nge2 {[%clk 01:24:30] [%emt 00:04:18]} 12... b4 {[%clk 01:22:45]
[%emt 00:00:58]} 13. Na4 {[%clk 01:24:03] [%emt 00:00:57]} 13... Qc7 {[%clk
01:22:26] [%emt 00:00:48]} 14. Ng3 {[%clk 01:17:25] [%emt 00:07:09]} 14... Bb7
{[%clk 01:22:00] [%emt 00:00:55]} 15. Be2 {[%clk 01:11:08] [%emt 00:06:47]}
15... Rac8 {[%clk 01:21:44] [%emt 00:00:45]} 16. Rhg1 {[%clk 01:08:01] [%emt
00:03:38]} 16... Rfd8 {[%clk 01:19:39] [%emt 00:02:36]} 17. Nh5 {[%clk
01:01:46] [%emt 00:06:46]} 17... g6 {[%clk 01:08:07] [%emt 00:12:00]} 18. Qh6
{[%clk 00:50:56] [%emt 00:11:21]} 18... Bf8 {[%clk 01:08:19] [%emt 00:00:18]}
19. Bg7 {[%clk 00:51:15] [%emt 00:00:10]} 19... Be7 {[%clk 01:08:06] [%emt
00:00:44]} 20. Rg3 {[%clk 00:46:29] [%emt 00:05:16]} 20... Na7 {[%clk 01:01:20]
[%emt 00:07:16]} 21. Rc1 {[%clk 00:41:45] [%emt 00:05:14]} 21... Qa5 {[%clk
00:52:28] [%emt 00:09:21]} 22. e5 {[%clk 00:37:58] [%emt 00:04:18]} 22... dxe5
{[%clk 00:51:02] [%emt 00:01:56]} 23. Rh3 {[%clk 00:37:43] [%emt 00:00:45]}
23... e4 {[%clk 00:47:23] [%emt 00:04:10]} 24. Bd4 {[%clk 00:32:18] [%emt
00:06:46]} 24... Bf8 {[%clk 00:46:43] [%emt 00:00:18]} 25. Qxh7+ {[%clk
00:32:40] [%emt 00:00:07]} 1-0

[Event "New Zealand Championship 2023"]
[Site "Wellington"]
[Date "2023.01.08"]
[Round "7.6"]
[White "Van Riemsdijk, Herman C."]
[Black "McLaren, Leonard J"]
[Result "1/2-1/2"]
[WhiteElo "2265"]
[BlackElo "2265"]

1. e4 {[%clk 01:30:54] [%emt 00:00:05]} 1... c5 {[%clk 01:30:58] [%emt
00:00:02]} 2. Nf3 {[%clk 01:31:13] [%emt 00:00:12]} 2... Nc6 {[%clk 01:31:22]
[%emt 00:00:06]} 3. d4 {[%clk 01:31:03] [%emt 00:00:40]} 3... cxd4 {[%clk
01:31:47] [%emt 00:00:05]} 4. Nxd4 {[%clk 01:31:25] [%emt 00:00:08]} 4... e5
{[%clk 01:31:55] [%emt 00:00:21]} 5. Nb5 {[%clk 01:31:30] [%emt 00:00:25]} 5...
d6 {[%clk 01:32:20] [%emt 00:00:05]} 6. c4 {[%clk 01:30:51] [%emt 00:01:09]}
6... g6 {[%clk 01:30:58] [%emt 00:01:52]} 7. N1c3 {[%clk 01:30:30] [%emt
00:00:51]} 7... a6 {[%clk 01:30:30] [%emt 00:00:59]} 8. Na3 {[%clk 01:30:53]
[%emt 00:00:08]} 8... Bg7 {[%clk 01:28:48] [%emt 00:02:11]} 9. Be3 {[%clk
01:29:10] [%emt 00:02:12]} 9... Nf6 {[%clk 01:27:07] [%emt 00:02:13]} 10. f3
{[%clk 01:28:58] [%emt 00:00:41]} 10... O-O {[%clk 01:25:34] [%emt 00:02:03]}
11. Qd2 {[%clk 01:28:18] [%emt 00:01:08]} 11... Be6 {[%clk 01:23:26] [%emt
00:02:40]} 12. O-O-O {[%clk 01:19:16] [%emt 00:09:32]} 12... Nd4 {[%clk
01:14:20] [%emt 00:09:36]} 13. Ne2 {[%emt 00:05:40]} 13... Rc8 {[%clk
01:10:09]} 14. Nxd4 {[%clk 01:17:06] [%emt 00:02:17]} 14... exd4 {[%clk
01:10:25] [%emt 00:00:08]} 15. Bxd4 {[%clk 01:16:50] [%emt 00:00:46]} 15... b5
{[%clk 01:07:50] [%emt 00:03:05]} 16. Bc3 {[%clk 01:16:11] [%emt 00:01:08]}
16... bxc4 {[%clk 01:02:45] [%emt 00:05:35]} 17. Qxd6 {[%clk 01:15:37] [%emt
00:01:04]} 17... Nd7 {[%clk 00:58:25] [%emt 00:04:51]} 18. Bxg7 {[%clk
01:08:48] [%emt 00:07:20]} 18... Kxg7 {[%emt 00:01:17]} 19. Qd4+ {[%clk
01:03:09] [%emt 00:05:08]} 19... Kg8 {[%clk 00:58:31] [%emt 00:00:37]} 20. Qc3
{[%clk 01:00:51] [%emt 00:02:48]} 20... Qg5+ {[%clk 00:53:44] [%emt 00:05:16]}
21. Kb1 {[%clk 00:55:19] [%emt 00:06:01]} 21... Nb6 {[%clk 00:50:02] [%emt
00:04:14]} 22. Qc2 {[%clk 00:44:05] [%emt 00:11:42]} 22... Qa5 {[%clk 00:43:44]
[%emt 00:06:49]} 23. Qc3 {[%clk 00:42:20] [%emt 00:02:15]} 23... Qc5 {[%clk
00:41:12] [%emt 00:03:02]} 24. Nc2 {[%clk 00:34:16] [%emt 00:08:34]} 24... Na4
{[%clk 00:38:41] [%emt 00:03:00]} 25. Qa3 {[%clk 00:33:54] [%emt 00:00:53]}
25... Qxa3 {[%clk 00:36:49] [%emt 00:02:22]} 26. Nxa3 {[%clk 00:33:54] [%emt
00:00:28]} 26... Rb8 {[%clk 00:35:49] [%emt 00:01:31]} 27. Ka1 {[%clk 00:28:49]
[%emt 00:05:35]} 27... Rxb2 {[%clk 00:30:27] [%emt 00:05:52]} 28. Nxc4 {[%clk
00:23:59] [%emt 00:05:20]} 28... Rc2 {[%clk 00:27:38] [%emt 00:03:19]} 29. Bd3
{[%clk 00:24:21] [%emt 00:00:08]} 29... Rxg2 {[%clk 00:25:38] [%emt 00:02:31]}
30. Rdg1 {[%clk 00:24:18] [%emt 00:00:33]} 30... Rxg1+ {[%clk 00:24:26] [%emt
00:01:41]} 31. Rxg1 {[%clk 00:24:35] [%emt 00:00:14]} 31... Rd8 {[%clk
00:21:25] [%emt 00:03:30]} 32. Ne5 {[%clk 00:20:49] [%emt 00:04:17]} 32... Nc5
{[%clk 00:21:28] [%emt 00:00:27]} 33. Bc4 {[%clk 00:19:28] [%emt 00:01:51]}
33... Rd2 {[%clk 00:21:27] [%emt 00:00:31]} 34. Rc1 {[%clk 00:17:12] [%emt
00:02:47]} 34... Rxh2 {[%clk 00:18:28] [%emt 00:03:28]} 35. Bd5 {[%clk
00:17:28] [%emt 00:00:15]} 35... Nd7 {[%clk 00:08:59] [%emt 00:09:59]} 36. Rc8+
{[%clk 00:16:16] [%emt 00:01:42]} 36... Kg7 {[%clk 00:09:09] [%emt 00:00:48]}
37. Nxd7 Bxd7 {[%emt 00:00:29]} 38. Rc7 {[%emt 00:01:37]} 38... Be8 {[%clk
00:07:58] [%emt 00:00:09]} 39. Rc8 {[%clk 00:17:06] [%emt 00:00:09]} 39... Bb5
{[%clk 00:05:37] [%emt 00:02:50]} 40. Rc7 {[%clk 00:47:27] [%emt 00:00:09]}
40... Be8 {[%clk 00:34:42] [%emt 00:01:25]} 41. Rc8 {[%emt 00:05:00]} 41... Bb5
{[%clk 00:28:13] [%emt 00:02:08]} 1/2-1/2

[Event "New Zealand Championship 2023"]
[Site "Wellington"]
[Date "2023.01.08"]
[Round "7.7"]
[White "Rains, Edward"]
[Black "Sole, Michael D"]
[Result "1-0"]
[WhiteElo "2180"]
[BlackElo "2142"]

1. e4 {[%clk 01:30:57] [%emt 00:00:02]} 1... e5 {[%clk 01:30:40] [%emt
00:00:20]} 2. Nf3 {[%clk 01:31:19] [%emt 00:00:09]} 2... Nc6 {[%clk 01:31:04]
[%emt 00:00:05]} 3. Bc4 {[%clk 01:31:43] [%emt 00:00:07]} 3... Bc5 {[%clk
01:31:17] [%emt 00:00:17]} 4. b4 {[%clk 01:32:03] [%emt 00:00:10]} 4... Bxb4
{[%clk 01:29:37] [%emt 00:02:10]} 5. c3 {[%clk 01:32:25] [%emt 00:00:07]} 5...
Ba5 {[%clk 01:29:52] [%emt 00:00:16]} 6. d4 {[%clk 01:32:47] [%emt 00:00:08]}
6... d6 {[%clk 01:29:35] [%emt 00:00:47]} 7. O-O {[%clk 01:32:58] [%emt
00:00:19]} 7... Nf6 {[%clk 01:18:09] [%emt 00:11:56]} 8. dxe5 {[%clk 01:25:32]
[%emt 00:07:57]} 8... Nxe5 {[%clk 01:13:39] [%emt 00:05:00]} 9. Nxe5 {[%clk
01:25:28] [%emt 00:00:33]} 9... dxe5 {[%clk 01:13:58] [%emt 00:00:11]} 10. Qb3
{[%clk 01:24:47] [%emt 00:01:11]} 10... O-O {[%clk 01:03:26] [%emt 00:11:03]}
11. Ba3 {[%clk 01:23:13] [%emt 00:02:03]} 11... Nxe4 {[%clk 01:00:50] [%emt
00:03:05]} 12. Bxf8 {[%clk 01:17:56] [%emt 00:05:47]} 12... Qxf8 {[%clk
01:00:03] [%emt 00:01:16]} 13. Re1 {[%clk 01:07:39] [%emt 00:10:49]} 13... Nd6
{[%clk 00:48:15] [%emt 00:12:18]} 14. Rxe5 {[%clk 01:01:57] [%emt 00:06:13]}
14... Nxc4 {[%clk 00:47:32] [%emt 00:01:12]} 15. Qxc4 {[%clk 01:02:14] [%emt
00:00:13]} 15... Be6 {[%clk 00:46:58] [%emt 00:01:04]} 16. Qe2 {[%clk 00:58:10]
[%emt 00:04:34]} 16... Bb6 {[%clk 00:46:09] [%emt 00:01:19]} 17. a4 {[%clk
00:55:52] [%emt 00:02:48]} 17... c6 {[%clk 00:45:43] [%emt 00:00:55]} 18. Nd2
{[%clk 00:55:33] [%emt 00:00:57]} 18... Bc7 {[%clk 00:44:56] [%emt 00:01:28]}
19. Re4 {[%clk 00:55:03] [%emt 00:00:41]} 19... Rd8 {[%clk 00:41:34] [%emt
00:03:52]} 20. Nf3 {[%clk 00:54:02] [%emt 00:01:30]} 20... Bd5 {[%clk 00:39:15]
[%emt 00:02:48]} 21. Rh4 {[%clk 00:48:56] [%emt 00:05:38]} 21... Qc5 {[%clk
00:34:57] [%emt 00:04:48]} 22. Re1 {[%clk 00:42:28] [%emt 00:07:32]} 22... h6
{[%clk 00:32:07] [%emt 00:02:45]} 23. c4 {[%clk 00:26:51] [%emt 00:16:08]}
23... Be6 {[%clk 00:31:17] [%emt 00:01:21]} 24. Rd1 {[%clk 00:17:32] [%emt
00:09:49]} 24... Bb6 {[%clk 00:29:24] [%emt 00:02:22]} 25. Rxd8+ {[%clk
00:12:20] [%emt 00:05:42]} 25... Bxd8 {[%clk 00:29:51] [%emt 00:00:03]} 26. Re4
{[%clk 00:12:19] [%emt 00:00:31]} 26... Bf6 {[%clk 00:28:49] [%emt 00:01:32]}
27. h3 {[%clk 00:11:03] [%emt 00:01:46]} 27... Qa5 {[%clk 00:26:46] [%emt
00:02:33]} 28. Nd4 {[%clk 00:08:22] [%emt 00:03:13]} 28... Bd7 {[%clk 00:26:18]
[%emt 00:00:56]} 29. Qd1 {[%clk 00:06:18] [%emt 00:02:34]} 29... Qc7 {[%clk
00:24:45] [%emt 00:02:03]} 30. c5 {[%clk 00:05:17] [%emt 00:01:31]} 30... Qd8
{[%clk 00:22:27] [%emt 00:02:47]} 31. Nf5 {[%clk 00:04:01] [%emt 00:01:48]}
31... Qc7 {[%clk 00:20:07] [%emt 00:02:49]} 32. Nd6 {[%clk 00:03:50] [%emt
00:00:41]} 32... Kf8 {[%clk 00:17:12] [%emt 00:03:24]} 33. Qb3 {[%clk 00:02:09]
[%emt 00:02:13]} 33... Be6 {[%clk 00:16:49] [%emt 00:00:53]} 34. Qxb7 {[%clk
00:01:20] [%emt 00:01:18]} 34... Qxb7 {[%clk 00:16:49] [%emt 00:00:30]} 35.
Nxb7 {[%clk 00:01:44] [%emt 00:00:06]} 35... Ke7 {[%clk 00:16:35] [%emt
00:00:43]} 36. Nd6 {[%clk 00:01:59] [%emt 00:00:16]} 36... Kd7 {[%clk 00:16:47]
[%emt 00:00:17]} 37. Rb4 {[%clk 00:02:19] [%emt 00:00:12]} 37... Be5 {[%clk
00:13:10] [%emt 00:04:06]} 38. Rb7+ {[%clk 00:02:33] [%emt 00:00:16]} 38... Kd8
{[%clk 00:13:38] [%emt 00:00:01]} 39. Rxa7 {[%clk 00:02:21] [%emt 00:00:43]}
39... Bd4 {[%clk 00:13:05] [%emt 00:01:03]} 40. a5 {[%clk 00:31:40] [%emt
00:01:11]} 40... Bxc5 {[%clk 00:43:05] [%emt 00:00:29]} 41. Nb7+ {[%clk
00:31:56] [%emt 00:00:15]} 1-0

[Event "New Zealand Championship 2023"]
[Site "Wellington"]
[Date "2023.01.08"]
[Round "7.8"]
[White "Braganza, Nadia"]
[Black "Langford, Joshua"]
[Result "1-0"]
[WhiteElo "1838"]
[BlackElo "2163"]

1. c4 {[%clk 01:30:55] [%emt 00:00:04]} 1... e5 {[%clk 01:30:40] [%emt
00:00:21]} 2. Nc3 {[%clk 01:31:17] [%emt 00:00:08]} 2... Nc6 {[%clk 01:31:06]
[%emt 00:00:04]} 3. g3 {[%clk 01:31:29] [%emt 00:00:18]} 3... Bc5 {[%clk
01:31:20] [%emt 00:00:15]} 4. Bg2 {[%clk 01:30:43] [%emt 00:01:16]} 4... a6
{[%clk 01:31:23] [%emt 00:00:27]} 5. e3 {[%clk 01:30:47] [%emt 00:00:26]} 5...
d6 {[%clk 01:31:36] [%emt 00:00:17]} 6. Nge2 {[%clk 01:31:01] [%emt 00:00:16]}
6... Ba7 {[%clk 01:30:26] [%emt 00:01:41]} 7. d4 {[%clk 01:31:02] [%emt
00:00:29]} 7... exd4 {[%clk 01:30:22] [%emt 00:00:33]} 8. exd4 {[%clk 01:31:27]
[%emt 00:00:05]} 8... Nge7 {[%clk 01:30:22] [%emt 00:00:30]} 9. Be3 {[%clk
01:28:25] [%emt 00:03:33]} 9... Nf5 {[%clk 01:28:11] [%emt 00:02:41]} 10. Qd2
{[%clk 01:24:03] [%emt 00:05:08]} 10... O-O {[%clk 01:27:43] [%emt 00:00:41]}
11. O-O {[%clk 01:22:14] [%emt 00:02:19]} 11... Re8 {[%clk 01:27:36] [%emt
00:00:37]} 12. Rae1 {[%clk 01:16:46] [%emt 00:05:58]} 12... Bd7 {[%clk
01:21:22] [%emt 00:06:44]} 13. b3 {[%clk 01:15:00] [%emt 00:02:16]} 13... Rb8
{[%clk 01:20:00] [%emt 00:01:55]} 14. Qd3 {[%clk 01:04:44] [%emt 00:10:43]}
14... Nb4 {[%clk 01:12:29] [%emt 00:08:01]} 15. Qd2 {[%clk 01:04:26] [%emt
00:00:48]} 15... Bc6 {[%clk 01:06:12] [%emt 00:06:48]} 16. Bg5 {[%clk 00:56:44]
[%emt 00:08:11]} 16... f6 {[%clk 00:58:45] [%emt 00:07:57]} 17. d5 {[%clk
00:56:17] [%emt 00:00:57]} 17... Bd7 {[%clk 00:51:35] [%emt 00:07:40]} 18. Bxf6
{[%clk 00:52:17] [%emt 00:04:29]} 18... Qxf6 {[%clk 00:49:10] [%emt 00:02:55]}
19. a3 {[%clk 00:52:33] [%emt 00:00:15]} 19... Nc6 {[%clk 00:30:49] [%emt
00:18:51]} 20. dxc6 {[%clk 00:52:33] [%emt 00:00:29]} 20... bxc6 {[%clk
00:31:06] [%emt 00:00:13]} 21. b4 {[%clk 00:47:11] [%emt 00:05:53]} 21... a5
{[%clk 00:21:37] [%emt 00:09:58]} 22. b5 {[%clk 00:43:57] [%emt 00:03:43]}
22... cxb5 {[%clk 00:18:44] [%emt 00:03:23]} 23. Nxb5 {[%clk 00:40:23] [%emt
00:04:04]} 23... Bb6 {[%clk 00:18:58] [%emt 00:00:17]} 24. Nf4 {[%clk 00:29:06]
[%emt 00:11:47]} 24... c6 {[%clk 00:18:45] [%emt 00:00:43]} 25. Nc3 {[%clk
00:27:18] [%emt 00:02:18]} 25... Nd4 {[%clk 00:15:08] [%emt 00:04:07]} 26. Ne4
{[%clk 00:25:22] [%emt 00:02:26]} 26... Qh6 {[%clk 00:13:47] [%emt 00:01:50]}
27. Qc3 {[%clk 00:22:12] [%emt 00:03:40]} 27... Bf5 {[%clk 00:12:07] [%emt
00:02:09]} 28. c5 {[%clk 00:20:13] [%emt 00:02:29]} 28... Bxe4 {[%clk 00:05:30]
[%emt 00:07:08]} 29. cxb6 {[%clk 00:14:47] [%emt 00:05:56]} 29... Bxg2 {[%clk
00:05:50] [%emt 00:00:10]} 30. Kxg2 {[%clk 00:15:06] [%emt 00:00:11]} 30... c5
{[%clk 00:05:36] [%emt 00:00:44]} 31. Qc4+ {[%clk 00:13:49] [%emt 00:01:47]}
31... Kf8 {[%clk 00:04:33] [%emt 00:01:33]} 32. Rxe8+ {[%clk 00:09:34] [%emt
00:04:45]} 32... Rxe8 {[%clk 00:04:52] [%emt 00:00:11]} 33. b7 {[%clk 00:09:42]
[%emt 00:00:23]} 33... Rb8 {[%clk 00:03:08] [%emt 00:02:14]} 34. Qd5 {[%clk
00:07:30] [%emt 00:02:42]} 34... g5 {[%clk 00:01:32] [%emt 00:02:06]} 35. Nh3
{[%clk 00:07:49] [%emt 00:00:10]} 35... g4 {[%clk 00:00:32] [%emt 00:01:30]}
36. Ng5 {[%clk 00:07:19] [%emt 00:01:00]} 36... Qg6 {[%clk 00:00:49] [%emt
00:00:14]} 37. Re1 {[%clk 00:06:06] [%emt 00:01:42]} 37... h6 {[%clk 00:00:33]
[%emt 00:00:46]} 38. Ne6+ {[%clk 00:05:49] [%emt 00:00:47]} 38... Nxe6 {[%clk
00:00:58] [%emt 00:00:05]} 39. Rxe6 {[%clk 00:06:13] [%emt 00:00:05]} 39... Qf7
{[%clk 00:00:55] [%emt 00:00:34]} 40. Qxd6+ {[%clk 00:36:24] [%emt 00:00:20]}
40... Kg8 {[%clk 00:30:56] [%emt 00:00:29]} 41. Qxb8+ {[%clk 00:36:47] [%emt
00:00:06]} 41... Kh7 {[%clk 00:31:23] [%emt 00:00:03]} 42. Qe8 {[%clk 00:36:07]
[%emt 00:01:08]} 42... Qxb7+ {[%clk 00:31:26] [%emt 00:00:28]} 43. Kg1 {[%clk
00:36:10] [%emt 00:00:27]} 1-0

[Event "New Zealand Championship 2023"]
[Site "Wellington"]
[Date "2023.01.08"]
[Round "7.9"]
[White "Zhang, Jasmine Haomo"]
[Black "Park-Tamati, Philli"]
[Result "1-0"]
[WhiteElo "2117"]
[BlackElo "2065"]

1. d4 {[%clk 01:30:50] [%emt 00:00:09]} 1... Nf6 {[%clk 01:30:49] [%emt
00:00:11]} 2. Bf4 {[%clk 01:31:06] [%emt 00:00:14]} 2... d5 {[%clk 01:30:48]
[%emt 00:00:31]} 3. e3 {[%clk 01:31:25] [%emt 00:00:11]} 3... c5 {[%clk
01:30:32] [%emt 00:00:47]} 4. Nd2 {[%clk 01:31:28] [%emt 00:00:26]} 4... Nc6
{[%clk 01:29:24] [%emt 00:01:38]} 5. c3 {[%clk 01:31:21] [%emt 00:00:37]} 5...
e6 {[%clk 01:20:04] [%emt 00:09:51]} 6. Ngf3 {[%clk 01:31:21] [%emt 00:00:30]}
6... Bd6 {[%clk 01:20:25] [%emt 00:00:08]} 7. Bg3 {[%clk 01:31:36] [%emt
00:00:15]} 7... O-O {[%clk 01:20:46] [%emt 00:00:08]} 8. Bd3 {[%clk 01:32:00]
[%emt 00:00:07]} 8... b6 {[%clk 01:20:48] [%emt 00:00:36]} 9. e4 {[%clk
01:30:20] [%emt 00:02:08]} 9... dxe4 {[%clk 01:20:12] [%emt 00:00:58]} 10. Nxe4
{[%clk 01:30:20] [%emt 00:00:31]} 10... Nxe4 {[%clk 01:19:13] [%emt 00:01:29]}
11. Bxe4 {[%clk 01:30:40] [%emt 00:00:10]} 11... Bb7 {[%clk 01:19:25] [%emt
00:00:19]} 12. dxc5 {[%clk 01:09:38] [%emt 00:21:32]} 12... Bxc5 {[%clk
01:18:58] [%emt 00:00:56]} 13. Qa4 {[%clk 01:08:42] [%emt 00:01:26]} 13... Qc8
{[%clk 01:14:41] [%emt 00:04:48]} 14. Bxh7+ {[%clk 01:02:22] [%emt 00:06:50]}
14... Kxh7 {[%clk 01:13:15] [%emt 00:01:56]} 15. Qh4+ {[%clk 01:01:50] [%emt
00:01:15]} 15... Kg8 {[%clk 01:13:38]} 16. Ng5 {[%clk 01:02:11] [%emt
00:00:02]} 16... Re8 {[%clk 01:09:01] [%emt 00:05:08]} 17. Qh7+ {[%clk
01:01:58] [%emt 00:00:49]} 17... Kf8 {[%clk 01:09:30]} 18. Qh8+ {[%clk
01:02:18] [%emt 00:00:06]} 18... Ke7 {[%clk 01:09:54] [%emt 00:00:04]} 19. Qxg7
{[%clk 01:02:40] [%emt 00:00:08]} 19... Rf8 {[%clk 01:08:51] [%emt 00:01:34]}
20. Nh7 {[%clk 00:47:40] [%emt 00:15:29]} 20... Nb8 {[%clk 00:47:57] [%emt
00:21:22]} 21. Rd1 {[%clk 00:41:41] [%emt 00:06:31]} 21... Bd5 {[%emt
00:04:53]} 22. b4 {[%clk 00:39:41]} 22... Nd7 {[%clk 00:38:08] [%emt 00:08:46]}
23. bxc5 {[%clk 00:37:32] [%emt 00:02:20]} 23... Qxc5 {[%clk 00:33:34] [%emt
00:05:04]} 24. Nxf8 {[%clk 00:37:01] [%emt 00:01:01]} 24... Rxf8 {[%clk
00:33:29] [%emt 00:00:35]} 25. O-O {[%clk 00:37:02] [%emt 00:00:29]} 25... Qc4
{[%clk 00:33:39] [%emt 00:00:20]} 26. Rd4 {[%clk 00:35:25] [%emt 00:02:06]}
26... Qxa2 {[%clk 00:33:13] [%emt 00:00:57]} 27. c4 {[%clk 00:33:56] [%emt
00:02:02]} 27... Bxc4 {[%clk 00:33:18] [%emt 00:00:23]} 28. Rxd7+ {[%clk
00:33:50] [%emt 00:00:36]} 28... Kxd7 {[%clk 00:33:38] [%emt 00:00:11]} 29.
Qxf8 {[%clk 00:33:41] [%emt 00:00:38]} 29... Bxf1 {[%clk 00:34:01] [%emt
00:00:06]} 30. Qd6+ {[%clk 00:34:08] [%emt 00:00:03]} 30... Ke8 {[%clk
00:34:17] [%emt 00:00:14]} 31. Bh4 {[%clk 00:34:29] [%emt 00:00:08]} 1-0

[Event "New Zealand Championship 2023"]
[Site "Wellington"]
[Date "2023.01.08"]
[Round "7.10"]
[White "Winter, Ryan"]
[Black "Zhu, David Junyang"]
[Result "1-0"]
[WhiteElo "2209"]
[BlackElo "1740"]

1. e4 {[%clk 01:30:58] [%emt 00:00:02]} 1... c5 {[%clk 01:30:53] [%emt
00:00:07]} 2. Nf3 {[%clk 01:31:21] [%emt 00:00:07]} 2... d6 {[%clk 01:31:18]
[%emt 00:00:05]} 3. d4 {[%clk 01:31:35] [%emt 00:00:16]} 3... cxd4 {[%clk
01:31:43] [%emt 00:00:05]} 4. Nxd4 {[%clk 01:32:01] [%emt 00:00:04]} 4... Nf6
{[%clk 01:32:00] [%emt 00:00:13]} 5. Nc3 {[%clk 01:32:29] [%emt 00:00:02]} 5...
a6 {[%clk 01:32:24] [%emt 00:00:06]} 6. h3 {[%clk 01:32:47] [%emt 00:00:12]}
6... e5 {[%clk 01:32:42] [%emt 00:00:11]} 7. Nde2 {[%clk 01:33:15] [%emt
00:00:02]} 7... Be7 {[%clk 01:32:34] [%emt 00:00:39]} 8. g4 {[%clk 01:33:08]
[%emt 00:00:36]} 8... h6 {[%clk 01:32:38] [%emt 00:00:26]} 9. Bg2 {[%clk
01:33:09] [%emt 00:00:29]} 9... Be6 {[%clk 01:32:14] [%emt 00:00:55]} 10. O-O
{[%clk 01:32:10] [%emt 00:01:29]} 10... Nbd7 {[%clk 01:31:27] [%emt 00:01:16]}
11. Be3 {[%clk 01:31:30] [%emt 00:01:11]} 11... O-O {[%clk 01:30:14] [%emt
00:01:43]} 12. Ng3 {[%clk 01:28:54] [%emt 00:03:06]} 12... Nb6 {[%clk 01:29:03]
[%emt 00:01:41]} 13. b3 {[%clk 01:26:53] [%emt 00:02:31]} 13... Rc8 {[%clk
01:27:22] [%emt 00:02:10]} 14. Nd5 {[%clk 01:26:53] [%emt 00:00:30]} 14...
Nbxd5 {[%clk 01:25:32] [%emt 00:02:21]} 15. exd5 {[%clk 01:27:21] [%emt
00:00:02]} 15... Bd7 {[%clk 01:25:22] [%emt 00:00:39]} 16. c4 {[%clk 01:27:28]
[%emt 00:00:24]} 16... Qa5 {[%clk 01:16:34] [%emt 00:09:18]} 17. a4 {[%clk
01:22:49] [%emt 00:05:09]} 17... Qc7 {[%clk 01:08:21] [%emt 00:09:14]} 18. a5
{[%clk 01:19:51] [%emt 00:02:56]} 18... Nh7 {[%clk 01:04:57] [%emt 00:03:54]}
19. Qd3 {[%clk 01:00:50] [%emt 00:19:31]} 19... Rce8 {[%clk 01:01:04] [%emt
00:04:22]} 20. b4 {[%clk 00:54:07] [%emt 00:07:13]} 20... Qc8 {[%clk 00:56:35]
[%emt 00:04:58]} 21. Rfc1 {[%clk 00:48:39] [%emt 00:05:59]} 21... Bh4 {[%clk
00:49:43] [%emt 00:07:22]} 22. Ne4 {[%clk 00:45:58] [%emt 00:03:11]} 22... Qb8
{[%clk 00:47:16] [%emt 00:02:57]} 23. c5 {[%clk 00:45:09] [%emt 00:01:20]}
23... f5 {[%clk 00:46:59] [%emt 00:00:47]} 24. gxf5 {[%clk 00:39:14] [%emt
00:06:25]} 24... Bxf5 {[%clk 00:46:28] [%emt 00:01:01]} 25. Qc4 {[%clk
00:38:50] [%emt 00:00:55]} 25... Bxe4 {[%clk 00:42:18] [%emt 00:05:21]} 26.
Bxe4 {[%clk 00:37:02] [%emt 00:01:37]} 26... Ng5 {[%clk 00:39:15] [%emt
00:03:32]} 27. Bxg5 {[%clk 00:32:52] [%emt 00:04:40]} 27... Bxf2+ {[%clk
00:37:19] [%emt 00:02:26]} 28. Kg2 {[%clk 00:32:46] [%emt 00:00:36]} 28... hxg5
{[%clk 00:37:30] [%emt 00:00:18]} 29. Rf1 {[%clk 00:32:21] [%emt 00:00:55]}
29... Bd4 {[%clk 00:37:17] [%emt 00:00:43]} 30. Rac1 {[%clk 00:31:03] [%emt
00:01:48]} 30... Rxf1 {[%clk 00:37:08] [%emt 00:00:37]} 31. Rxf1 {[%clk
00:31:15] [%emt 00:00:20]} 31... Rf8 {[%clk 00:37:22] [%emt 00:00:17]} 32. c6
{[%clk 00:25:18] [%emt 00:06:27]} 32... Rxf1 {[%clk 00:32:42] [%emt 00:05:09]}
33. Qxf1 {[%clk 00:24:57] [%emt 00:00:51]} 33... b6 {[%clk 00:29:49] [%emt
00:03:23]} 34. Bg6 {[%clk 00:22:25] [%emt 00:03:01]} 34... bxa5 {[%clk
00:23:56] [%emt 00:06:23]} 35. Qf7+ {[%clk 00:22:48] [%emt 00:00:07]} 35... Kh8
{[%clk 00:24:21] [%emt 00:00:06]} 36. c7 {[%clk 00:22:50] [%emt 00:00:28]}
36... Qa8 {[%clk 00:24:08] [%emt 00:00:43]} 37. Qe8+ {[%clk 00:22:47] [%emt
00:00:33]} 1-0